Mikrosenzor plynu na báze tenkých kovových oxidov

Salvato in:
Dettagli Bibliografici
Autore principale: Pacúch, Martin (Autore)
Altri autori: Hotový, Ivan (Relatore della tesi)
Natura: Manoscritto Libro
Lingua:slovacco
Pubblicazione: 2017
Soggetti:
Accesso online:http://is.stuba.sk/zp/portal_zp.pl?podrobnosti=116211
Tags: Aggiungi Tag
Nessun Tag, puoi essere il primo ad aggiungerne!!

MARC

LEADER 00000ntm a22000003a 4500
001 stuzp63453
003 SK-STU
005 20170724095316.8
007 ta
008 150427s2015----xo-----f-mn---000-0-slo-d
040 |a STU  |b slo 
041 0 |a slo 
044 |a xo 
100 1 |a Pacúch, Martin  |u 033000  |4 aut  |U FEI Fakulta elektrotechniky a informatiky  |T FEI Ústav elektroniky a fotoniky  |X 74907  |U E030  |Y 549  |7 74907 
242 0 1 |a Semiconductor metal oxide gas sensor  |y eng 
245 1 0 |a Mikrosenzor plynu na báze tenkých kovových oxidov 
260 |c 2017 
300 |a 38 s.,  |b CD-ROM 
650 4 |a NiO senzor plynu  |2 slo 
650 4 |a Pt mikrovyhrievač  |2 slo 
650 4 |a oxidy kovov  |2 slo 
650 4 |a NiO gas sensor  |2 eng 
650 4 |a Pt microheater  |2 eng 
650 4 |a metal oxide  |2 eng 
700 1 |a Hotový, Ivan  |u 033000  |k Z1  |4 ths  |U FEI Fakulta elektrotechniky a informatiky  |T FEI Ústav elektroniky a fotoniky  |X 4233  |U E030  |Y 549  |7 A000004233 
856 4 |u http://is.stuba.sk/zp/portal_zp.pl?podrobnosti=116211 
996 |b 284ER02403  |c E*Bc- 2403  |l EE33  |s P  |a 0  |w stuzp63453_0001